[Event "AUTO-OPEN-3993"]
[Site "http://www.queenalice.com/game.php?id=1549403"]
[Date "2018.11.16"]
[Round "1"]
[White "Danado"]
[Black "Coreguaje"]
[Result "0-1"]
[WhiteElo "1608"]
[BlackElo "1978"]

1. e3 e5 2. d4 exd4 3. exd4 d5 4. a3 Bd6 5. Bd3 Ne7 6. Qf3 Be6 7. Bg5 Qd7 8.
Bxe7 Qxe7 9. Nc3 c6 10. O-O-O Nd7 11. Re1 O-O 12. Nh3 Nf6 13. Ng5 h6 14. Nxe6
fxe6 15. Bf5 e5 16. dxe5 Bxe5 17. Re2 Qc7 18. Be6+ Kh8 19. Bf5 Rae8 20. Rhe1
Bxc3 21. Qxc3 Qf4+ 22. Kb1 Qxf5 23. f3 Rxe2 24. Rxe2 Re8 25. Rxe8+ Nxe8 26. Qc5
a6 27. Qe7 Qc8 28. f4 Nf6 29. g3 b5 30. Qa7 c5 31. c3 Kh7 32. Qe7 Qc6 33. Qe5
Ng4 34. Qf5+ Qg6 35. Qxg6+ Kxg6 36. h3 Nf2 37. h4 h5 38. Kc1 Ne4 39. Kd1 Nxg3
40. Ke1 Kf5 0-1

[Event "AUTO-OPEN-3983"]
[Site "http://www.queenalice.com/game.php?id=1562797"]
[Date "2019.3.1"]
[Round "2"]
[White "Jackzapo"]
[Black "Coreguaje"]
[Result "0-1"]
[WhiteElo "1627"]
[BlackElo "2059"]

1. d4 d5 2. c4 dxc4 3. Nc3 Nf6 4. e3 e6 5. Bxc4 c5 6. Nf3 a6 7. O-O b5 8. Be2
Bb7 9. Bd2 Nc6 10. Re1 Be7 11. a3 cxd4 12. exd4 Nxd4 13. Nxd4 Qxd4 14. Be3 Qxd1
15. Raxd1 O-O 16. h3 Nd5 17. Bc1 Nxc3 0-1

[Event "AUTO-OPEN-3983"]
[Site "http://www.queenalice.com/game.php?id=1562798"]
[Date "2019.3.1"]
[Round "2"]
[White "Coreguaje"]
[Black "Jackzapo"]
[Result "1-0"]
[WhiteElo "2057"]
[BlackElo "1629"]

1. d4 Nf6 2. c4 g6 3. Nc3 Bg7 4. Nf3 O-O 5. e4 d6 6. Be2 Nbd7 7. O-O Re8 8. b3
c6 9. Bb2 Qc7 10. Qc2 e5 11. d5 cxd5 12. cxd5 Nc5 13. Rfe1 a6 14. Na4 b6 15. b4
Ne6 16. Qxc7 Nxc7 17. Nxb6 Rb8 18. Nxc8 1-0

[Event "AUTO-OPEN-3983"]
[Site "http://www.queenalice.com/game.php?id=1562803"]
[Date "2019.3.1"]
[Round "2"]
[White "Coreguaje"]
[Black "Retiarius"]
[Result "0-1"]
[WhiteElo "2056"]
[BlackElo "2059"]

1. Nf3 d5 2. c4 c6 3. g3 e6 4. cxd5 cxd5 5. Bg2 Nf6 6. O-O Be7 7. Nc3 Nc6 8. d4
O-O 9. Bd2 Bd7 10. a3 a6 11. b4 b5 12. Rc1 Qb6 13. e3 a5 14. Qe2 axb4 15. axb4
Nxb4 16. Ne5 Na2 17. Nxa2 Rxa2 18. Nxd7 Nxd7 19. Rb1 b4 20. Qd3 Rb8 21. Rb3 Qa7
22. Rfb1 Ra1 23. Rxa1 Qxa1+ 24. Rb1 Qa3 25. Qc2 b3 26. Qb2 Qxb2 27. Rxb2 Ba3 28.
Rb1 b2 29. Kf1 Nb6 30. Ke1 Nc4 31. Bf1 Nxd2 32. Kxd2 Rc8 33. Bd3 f5 34. Bc2 Kf8
35. h3 g5 36. f3 Bb4+ 37. Kd1 Bc3 38. g4 f4 39. exf4 gxf4 40. Ke2 Bxd4 41. Kd1
h6 42. h4 Ra8 0-1

[Event "AUTO-OPEN-3983"]
[Site "http://www.queenalice.com/game.php?id=1562804"]
[Date "2019.3.1"]
[Round "2"]
[White "Retiarius"]
[Black "Coreguaje"]
[Result "0-1"]
[WhiteElo "2077"]
[BlackElo "2038"]

1. e4 e5 2. Nf3 Nf6 3. Nxe5 d6 4. Nf3 Nxe4 5. d3 Nf6 6. Be2 Be7 7. Nc3 Nc6 8.
O-O O-O 9. h3 Bf5 10. Bd2 a6 11. a4 Re8 12. Re1 Qd7 13. Bf1 d5 14. g4 Bg6 15.
Nh4 d4 16. Nxg6 hxg6 17. Ne2 Rad8 18. Bg2 Nd5 19. c3 Bf6 20. Ng3 dxc3 21. bxc3
Nxc3 22. Qb3 Qxd3 23. Rxe8+ Rxe8 24. Bxc3 Qxc3 25. Qxc3 Bxc3 26. Bxc6 bxc6 27.
Rc1 Re1+ 28. Rxe1 Bxe1 29. Kf1 Bb4 30. Ke2 Kf8 31. Kd3 Be1 32. Ke2 Bb4 33. Kd3
c5 34. f4 Ke7 35. Ke4 Kd6 36. Ne2 Bd2 37. Kd3 Bb4 38. Kc4 Bd2 39. Kd3 Bb4 40.
Ng3 Kd5 41. h4 Be1 0-1

[Event "AUTO-OPEN-3993"]
[Site "http://www.queenalice.com/game.php?id=1566814"]
[Date "2019.4.7"]
[Round "2"]
[White "Coreguaje"]
[Black "filou"]
[Result "0-1"]
[WhiteElo "2061"]
[BlackElo "2158"]

1. c4 e5 2. Nc3 Bb4 3. g3 Nf6 4. Bg2 O-O 5. Nf3 d6 6. Qc2 Nc6 7. a3 Bc5 8. b4
Nd4 9. Nxd4 Bxd4 10. e3 Bxc3 11. Qxc3 Rb8 12. O-O Bf5 13. d3 e4 14. d4 Qd7 15.
Bb2 d5 16. cxd5 Nxd5 17. Qd2 Rfe8 18. Qc2 Qe6 0-1

[Event "AUTO-OPEN-3993"]
[Site "http://www.queenalice.com/game.php?id=1566815"]
[Date "2019.4.7"]
[Round "2"]
[White "filou"]
[Black "Coreguaje"]
[Result "1-0"]
[WhiteElo "2167"]
[BlackElo "2049"]

1. e4 e6 2. d4 d5 3. e5 c5 4. c3 Nc6 5. Nf3 Bd7 6. Bd3 cxd4 7. cxd4 Qb6 8. Bc2
Nb4 9. Bb3 Qa6 10. Bc2 Nxc2+ 11. Qxc2 Bb4+ 12. Nc3 Ne7 13. Bd2 Rc8 14. a3 O-O
15. Ng5 g6 16. Qd1 Ba5 17. Qg4 h6 18. Nf3 1-0

[Event "AUTO-OPEN-3983"]
[Site "http://www.queenalice.com/game.php?id=1582783"]
[Date "2019.9.7"]
[Round "3"]
[White "danielglowinski"]
[Black "Coreguaje"]
[Result "1-0"]
[WhiteElo "2476"]
[BlackElo "2024"]

1. e4 e5 2. Nf3 Nc6 3. Bb5 a6 4. Bxc6 dxc6 5. O-O Bg4 6. h3 Bh5 7. g4 Bg6 8.
Nxe5 Be7 9. Nc3 Bxe4 10. Nxe4 Qd4 11. Nxf7 Kxf7 12. Re1 Nf6 13. Ng5+ Ke8 14. Ne6
Qd7 15. g5 Nd5 16. Qf3 1-0

[Event "AUTO-OPEN-3983"]
[Site "http://www.queenalice.com/game.php?id=1582784"]
[Date "2019.9.7"]
[Round "3"]
[White "Coreguaje"]
[Black "danielglowinski"]
[Result "0-1"]
[WhiteElo "2022"]
[BlackElo "2477"]

1. d4 Nf6 2. c4 e6 3. Nf3 d5 4. Nc3 Be7 5. e3 O-O 6. Bd3 dxc4 7. Bxc4 c5 8. O-O
Nc6 9. d5 exd5 10. Nxd5 Bf5 11. Nxe7+ Qxe7 12. b3 Rad8 13. Qe2 Na5 14. Rd1 Rxd1+
15. Qxd1 Rd8 0-1

[Event "AUTO-OPEN-3983"]
[Site "http://www.queenalice.com/game.php?id=1582787"]
[Date "2019.9.7"]
[Round "3"]
[White "Coreguaje"]
[Black "Retiarius"]
[Result "0-1"]
[WhiteElo "2019"]
[BlackElo "2046"]

1. c4 e5 2. Nc3 Nf6 3. g3 d5 4. cxd5 Nxd5 5. Bg2 c6 6. e4 Nxc3 7. bxc3 Be7 8.
Nf3 Bg4 9. Qb3 Bxf3 10. Bxf3 Qb6 11. Qxb6 axb6 12. d4 exd4 13. cxd4 Nd7 14. O-O
O-O 15. Bb2 b5 16. a3 Nb6 17. Be2 Na4 18. Bc1 Nc3 19. Bd3 b4 20. Bb2 Rfd8 21.
Bxc3 bxc3 22. Rfc1 Rxa3 23. Rxa3 Bxa3 24. Rxc3 Be7 25. d5 c5 26. Bb5 Ra8 27. e5
b6 28. d6 Bd8 29. Kg2 g6 30. Bc6 Ra2 31. Bd5 Rd2 32. Bb3 Kf8 33. Rf3 f6 34. g4
b5 35. Be6 Kg7 36. h4 c4 37. Kf1 h6 38. exf6+ Bxf6 39. h5 c3 40. Ke1 Rb2 41. d7
c2 0-1

[Event "AUTO-OPEN-3983"]
[Site "http://www.queenalice.com/game.php?id=1582788"]
[Date "2019.9.7"]
[Round "3"]
[White "Retiarius"]
[Black "Coreguaje"]
[Result "0-1"]
[WhiteElo "2059"]
[BlackElo "1989"]

1. c4 Nf6 2. Nc3 g6 3. g3 Bg7 4. Nf3 O-O 5. Bg2 d6 6. O-O e5 7. d3 Nc6 8. Bd2
Bd7 9. Rc1 Re8 10. a3 a5 11. e3 a4 12. Re1 Ne7 13. Qc2 Nc8 14. b4 axb3 15. Qxb3
Rb8 16. a4 Ne7 17. Nd5 Bc6 18. e4 Nexd5 19. exd5 Bd7 20. a5 e4 21. dxe4 Nxe4 22.
Be3 c5 23. Re2 Qxa5 24. Ra2 Qd8 25. Nd2 Nxd2 26. Bxd2 b5 27. cxb5 Rxb5 28. Qd3
Bd4 29. Be3 Bxe3 30. fxe3 Qb6 31. Kf2 Rb2+ 32. Rxb2 Qxb2+ 33. Rc2 Qf6+ 34. Kg1
Qa1+ 35. Qf1 Qxf1+ 36. Kxf1 Rxe3 37. Kf2 Re8 38. Bf1 f5 39. Ba6 Kf7 40. h4 Kf6
41. Rb2 h6 42. Rb6 Ke7 43. Bd3 Rc8 44. Ba6 Rc7 45. Ke3 c4 46. Rb7 Rxb7 47. Bxb7
Ba4 48. Kd4 Bb3 49. Ba6 g5 50. Bxc4 Bxc4 51. Kxc4 Kf6 52. Kd4 g4 53. Ke3 Ke5 0-1

[Event "AUTO-MASTER-2882"]
[Site "http://www.queenalice.com/game.php?id=1586253"]
[Date "2019.10.9"]
[Round "1"]
[White "LOMBARDY"]
[Black "Coreguaje"]
[Result "1-0"]
[WhiteElo "2215"]
[BlackElo "2020"]

1. d4 Nf6 2. c4 g6 3. Nc3 Bg7 4. e4 d6 5. f3 c6 6. Be3 Nbd7 7. Qd2 O-O 8. Nge2
e5 9. d5 cxd5 10. cxd5 a6 11. Nc1 b5 12. a3 Bb7 13. b4 Nb6 14. Nb3 Nc4 15. Bxc4
bxc4 16. Na5 Qe7 17. Nxc4 Rac8 18. Na5 Ne8 19. Nxb7 Qxb7 20. O-O Nc7 21. Rfc1
Nb5 22. Na4 f5 23. Nc3 f4 24. Bf2 Rxc3 25. Rxc3 Nxc3 26. Qxc3 Rc8 27. Qd2 Bf6
28. Rc1 Bd8 29. g3 g5 30. Kg2 Kg7 31. Rc2 h5 32. Qc1 Rxc2 33. Qxc2 Kf6 34. Qc4
Ke7 35. gxf4 gxf4 36. Bh4+ Kd7 37. Qc6+ 1-0

[Event "AUTO-MASTER-2882"]
[Site "http://www.queenalice.com/game.php?id=1586254"]
[Date "2019.10.9"]
[Round "1"]
[White "Coreguaje"]
[Black "LOMBARDY"]
[Result "0-1"]
[WhiteElo "2012"]
[BlackElo "2184"]

1. Nf3 Nf6 2. c4 c5 3. g3 g6 4. Bg2 Bg7 5. Nc3 O-O 6. O-O Nc6 7. b3 d5 8. Bb2 d4
9. Na4 Qd6 10. Ba3 Nd7 11. d3 b6 12. Rb1 Bb7 13. e3 e5 14. e4 f5 15. Bc1 fxe4
16. dxe4 Nf6 17. Nd2 Nh5 18. Nb2 a5 19. Nf3 Nb4 20. a3 Nc6 21. Nd3 Rae8 22. Bd2
Nb8 23. Re1 Nd7 24. b4 axb4 25. axb4 Bc6 26. b5 Bb7 27. Ra1 Ra8 28. Rxa8 Rxa8
29. Qb3 Nhf6 30. Nh4 Qe6 31. h3 Ne8 32. Kh2 Nd6 33. Nb2 Nf6 34. f3 Bc8 35. g4
Bd7 36. Bf1 Be8 37. Na4 Nd7 38. Ng2 Bf7 39. Nb2 Nf6 40. Rc1 Nfe8 41. Ne1 Nc7 42.
Qc2 Qd7 43. Na4 Rb8 44. Be2 Ne6 45. Ng2 g5 46. Ra1 Nf4 47. Nxf4 exf4 48. Kg2 Be6
49. Kf2 d3 0-1

[Event "AUTO-MASTER-2882"]
[Site "http://www.queenalice.com/game.php?id=1586267"]
[Date "2019.10.9"]
[Round "1"]
[White "CCapivara"]
[Black "Coreguaje"]
[Result "1-0"]
[WhiteElo "2239"]
[BlackElo "2032"]

1. e4 c6 2. d4 d5 3. exd5 cxd5 4. Nf3 Nf6 5. Bd3 Bg4 6. Bg5 e6 7. O-O Nc6 8. c3
Be7 9. Nbd2 h6 10. Bh4 O-O 11. Qa4 a6 12. Ne5 Nxe5 13. dxe5 Nd7 14. Bxe7 Qxe7
15. Qxg4 Nxe5 16. Qg3 Nxd3 17. Qxd3 b5 18. Rfe1 1-0

[Event "AUTO-MASTER-2882"]
[Site "http://www.queenalice.com/game.php?id=1586268"]
[Date "2019.10.9"]
[Round "1"]
[White "Coreguaje"]
[Black "CCapivara"]
[Result "0-1"]
[WhiteElo "2040"]
[BlackElo "2233"]

1. c4 e5 2. Nc3 f5 3. g3 Nf6 4. Bg2 d6 5. d3 Be7 6. Nf3 O-O 7. Bd2 c6 8. O-O Kh8
9. Qc2 Be6 10. e4 fxe4 11. Nxe4 Nbd7 12. Nfg5 Bg8 13. b4 h6 14. Nxf6 Nxf6 15.
Nf3 Bh7 16. Rfe1 Qe8 0-1

[Event "AUTO-MASTER-2882"]
[Site "http://www.queenalice.com/game.php?id=1586277"]
[Date "2019.10.9"]
[Round "1"]
[White "Coreguaje"]
[Black "Gera"]
[Result "1-0"]
[WhiteElo "2003"]
[BlackElo "1993"]

1. e4 e5 2. Nf3 d6 3. Bc4 Be7 4. h3 f5 5. d3 c6 6. Nc3 Nf6 7. O-O fxe4 8. dxe4
Nbd7 9. Bb3 Nc5 10. Re1 Nxb3 11. axb3 O-O 12. Be3 Bd7 13. Qd3 Qc8 14. Bxa7 c5
15. Nb5 Bxb5 16. Qxb5 Nd7 17. Kh2 Qc7 18. Ra2 b6 19. Rea1 Rfc8 20. Ra6 Bd8 21.
Bxb6 Qc6 22. Qxc6 Rxc6 23. Rxa8 Nxb6 24. Rxd8+ Kf7 25. Ra7+ Kg6 26. Rg8 d5 27.
Nxe5+ Kf6 28. Nxc6 dxe4 29. Raxg7 c4 30. bxc4 Nxc4 31. b4 h5 32. Rg5 e3 33. fxe3
Nxe3 34. R8g6+ Kf7 35. Ne5+ Ke7 36. c4 h4 37. Rh5 Kf8 38. Rh7 Nf5 39. Nd7+ 1-0

[Event "AUTO-MASTER-2882"]
[Site "http://www.queenalice.com/game.php?id=1586278"]
[Date "2019.10.9"]
[Round "1"]
[White "Gera"]
[Black "Coreguaje"]
[Result "1-0"]
[WhiteElo "2041"]
[BlackElo "2004"]

1. g3 c6 2. Bg2 Nf6 3. e4 e5 4. d3 Bc5 5. Bg5 Qb6 6. Be3 Bxe3 7. fxe3 Qxe3+ 8.
Qe2 Qxe2+ 9. Kxe2 d5 10. exd5 cxd5 11. Nc3 Be6 12. Nf3 Nc6 13. Rae1 O-O 14. a3
Rfe8 15. Kd2 Rad8 16. Nxe5 Nxe5 17. Rxe5 b6 18. Rhe1 Ng4 19. Rh5 g6 20. Rh4 f5
21. Rxe6 Rxe6 22. Bxd5 Rxd5 23. Nxd5 h6 24. h3 Nf6 25. Nxf6+ Rxf6 26. Rxh6 Kg7
27. Rh4 g5 28. Rd4 a5 29. Rd7+ Kg6 30. Re7 Rc6 31. c3 Rf6 32. d4 Rd6 33. Kd3 Kf6
34. Re5 Rd7 35. c4 Rd8 36. Re3 Rh8 37. g4 f4 38. Rf3 Ke6 39. Ke4 Rf8 40. b4 axb4
41. axb4 Kd6 42. d5 Rf6 43. Kd4 Rf8 44. c5+ bxc5+ 45. bxc5+ Kd7 46. Rf1 Ra8 47.
Rf3 Ra5 48. Rc3 Ra8 49. Ke5 Rf8 50. Rf3 1-0

[Event "AUTO-MASTER-3022"]
[Site "http://www.queenalice.com/game.php?id=1641157"]
[Date "2021.1.23"]
[Round "1"]
[White "ignacius"]
[Black "Coreguaje"]
[Result "1-0"]
[WhiteElo "2068"]
[BlackElo "1987"]

1. d4 Nf6 2. c4 g6 3. Nf3 Bg7 4. e3 O-O 5. Be2 d6 6. O-O Nbd7 7. Nc3 c6 8. e4 e5
9. d5 cxd5 10. cxd5 Nc5 11. Nd2 a5 12. a3 Bd7 13. Qc2 Rc8 14. Qb1 Qe8 15. a4 Ng4
16. Bxg4 Bxg4 17. f3 Bd7 18. Nc4 Qe7 19. Nb6 Rcd8 20. Nxd7 Qxd7 21. Qc2 f5 22.
Bg5 Rc8 23. Qd1 f4 24. Bh4 Na6 25. Nb5 Bf6 26. Be1 Bd8 27. Bc3 Bb6+ 28. Kh1 Nb4
29. Bxb4 axb4 30. b3 Be3 31. Qe1 Bc5 32. Rb1 b6 33. Qe2 Be3 34. Qe1 Bc5 35. Rc1
g5 36. Ra1 Be3 37. Qxb4 Bc5 38. Qe1 1-0

[Event "AUTO-MASTER-3022"]
[Site "http://www.queenalice.com/game.php?id=1641158"]
[Date "2021.1.23"]
[Round "1"]
[White "Coreguaje"]
[Black "ignacius"]
[Result "0-1"]
[WhiteElo "1974"]
[BlackElo "2081"]

1. d4 d5 2. c4 c6 3. Nf3 e6 4. e3 g6 5. Nc3 Bg7 6. Bd3 Nf6 7. b3 O-O 8. O-O Re8
9. Bb2 Nbd7 10. Rc1 Nh5 11. g4 Nhf6 12. Ne5 Nxe5 13. Be2 Ned7 14. f4 Nf8 15. g5
N6d7 16. Re1 Qc7 17. cxd5 exd5 18. Bg4 f6 19. Rc2 fxg5 20. fxg5 Nb6 21. Ba3 Qd8
22. Rg2 Ne6 23. h4 Nf8 24. Bxf8 Rxf8 25. Rf1 Rxf1+ 26. Qxf1 Bxg4 27. Rxg4 Qd7
28. Rf4 Re8 29. Qc1 Qh3 30. Nd1 Qg3+ 31. Kf1 Bf8 32. Qd2 Bd6 33. Rf6 Qh3+ 34.
Ke2 Qg4+ 35. Kd3 Be7 36. Rf4 Qe6 37. Nf2 Nd7 38. Ng4 Rf8 0-1

[Event "AUTO-MASTER-3022"]
[Site "http://www.queenalice.com/game.php?id=1641169"]
[Date "2021.1.23"]
[Round "1"]
[White "LOMBARDY"]
[Black "Coreguaje"]
[Result "1-0"]
[WhiteElo "2204"]
[BlackElo "1956"]

1. e4 e6 2. d3 d5 3. Nd2 Nf6 4. g3 dxe4 5. dxe4 Bd7 6. Bg2 Bc5 7. Ngf3 Nc6 8.
O-O O-O 9. c3 a5 10. a4 e5 11. Qe2 Re8 12. Nc4 Bg4 13. Ne3 Bxe3 14. Qxe3 Qd7 15.
Nd2 Rad8 16. Re1 h6 17. f3 Be6 18. Qc5 b6 19. Qb5 Qd6 20. Nf1 Ne7 21. Be3 Qd3
22. Qxe5 c5 23. Qc7 Qd6 24. Bf4 Qc6 25. Qxc6 Nxc6 26. h4 Rd7 27. Red1 Red8 28.
Rxd7 Rxd7 29. Kf2 Kf8 30. Nd2 Ke7 31. Bf1 Rb7 32. Ba6 Rd7 33. Bb5 Nd8 34. Bxd7
Nxd7 35. Bc7 Nc6 36. f4 f6 37. Re1 Ncb8 38. Bxb8 Nxb8 39. e5 f5 40. Ke3 Nd7 41.
c4 Nb8 42. b3 Nc6 43. Nf3 Nb4 44. Rd1 Nc2+ 45. Kd2 Nb4 46. Kc3 Nc6 47. Rd6 Bd7
48. h5 Be8 49. Nh4 Bd7 50. Nxf5+ Bxf5 51. Rxc6 Bg4 52. Rxb6 1-0

[Event "AUTO-MASTER-3022"]
[Site "http://www.queenalice.com/game.php?id=1641170"]
[Date "2021.1.23"]
[Round "1"]
[White "Coreguaje"]
[Black "LOMBARDY"]
[Result "0-1"]
[WhiteElo "1962"]
[BlackElo "2221"]

1. d4 Nf6 2. c4 c5 3. d5 d6 4. Nc3 e5 5. e4 Be7 6. Be2 Nbd7 7. Nf3 Nf8 8. O-O
Ng6 9. Bd2 a6 10. h3 Bd7 11. a4 Rb8 12. a5 Qc8 13. Na4 Nxe4 14. Nb6 Qd8 15. Be3
O-O 16. Bd3 Nf6 17. Qb1 Re8 18. Nd2 Rf8 19. Nxd7 Qxd7 20. Bf5 Qc7 21. g3 Bd8 22.
b4 Ne7 23. g4 Nxf5 24. gxf5 Nd7 25. Kh2 f6 26. Rg1 Kh8 27. b5 axb5 28. cxb5 b6
29. a6 Ra8 30. Qe4 Rf7 31. Rg3 Nf8 32. Nc4 Ra7 33. Rag1 Qd7 34. Rb1 Bc7 35. Qg4
g5 36. fxg6 Qxg4 37. gxf7 Qxg3+ 38. fxg3 Kg7 39. Rf1 Nd7 40. g4 h6 41. h4 Ra8
42. g5 hxg5 43. hxg5 Kxf7 44. Kg3 Kg6 45. Kg4 e4 46. gxf6 Nxf6+ 47. Kf4 Nxd5+
48. Kxe4 Nc3+ 49. Kd3 Nxb5 50. Bg1 d5 51. Nd2 Rxa6 0-1

[Event "AUTO-MASTER-3022"]
[Site "http://www.queenalice.com/game.php?id=1641177"]
[Date "2021.1.23"]
[Round "1"]
[White "Coreguaje"]
[Black "pizzaiolo72"]
[Result "0-1"]
[WhiteElo "1997"]
[BlackElo "2145"]

1. d4 c5 2. d5 d6 3. e4 Nf6 4. Nc3 g6 5. Be2 Bg7 6. Nf3 Bg4 7. O-O O-O 8. Be3 e5
9. h3 Bxf3 10. Bxf3 Nbd7 11. Qe2 a6 12. a4 h5 13. g3 Kh7 14. Kh2 Bh6 15. Bxh6
Kxh6 16. Qe3+ Kg7 17. a5 b5 18. axb6 Nxb6 19. Be2 a5 20. Nb5 Ne8 21. Qd2 a4 22.
b3 axb3 23. cxb3 Rxa1 0-1

[Event "AUTO-MASTER-3022"]
[Site "http://www.queenalice.com/game.php?id=1641178"]
[Date "2021.1.23"]
[Round "1"]
[White "pizzaiolo72"]
[Black "Coreguaje"]
[Result "1-0"]
[WhiteElo "2137"]
[BlackElo "2008"]

1. e4 e6 2. d4 d5 3. exd5 exd5 4. Nc3 c6 5. Nf3 Bd6 6. Be2 h6 7. O-O Nf6 8. Ne5
Nbd7 9. Bf4 Qc7 10. Nxd7 Bxd7 11. Bxd6 Qxd6 12. Re1 O-O 13. h3 Nh7 14. Bg4 f5
15. Bf3 Ng5 16. Qd3 Ne4 17. Ne2 Rf6 18. c4 dxc4 19. Qxc4+ Be6 20. Qc2 Bd5 21.
Nc3 Nxc3 22. bxc3 Bxf3 23. gxf3 Qf4 24. Qd3 Qh4 25. f4 1-0